Лазер на красителях с распределенной обратной связью и накачкой лазером на парах меди со стабилизацией выходных характеристик; Оптика атмосферы; Т. 1, № 2

Dades bibliogràfiques
Parent link:Оптика атмосферы: научно-теоретический журнал.— , 1988-1993
Т. 1, № 2.— 1988.— С. 86-91
Altres autors: Воронов В. И., Евтушенко Г. С. Геннадий Сергеевич, Егоров А. Л., Елаев В. Ф., Карманов Г. А., Мальцев А. Н., Мирза С. Ю., Солдатов А. Н., Суханов В. Б. Виктор Борисович, Федоров В. Ф., Филонов В. Г., Юдин Н. А.
Sumari:Описан лазер на парах меди со стабилизированными выходными характеристиками "Милан-5", а также лазерная приставка на красителе с распределенной обратной связью "ЛЖК-12", предназначенные для применения в области лазерной спектроскопии, лазерного зондирования параметров аэрозолей атмосферы и т.д. В лазере "Милан-5" получена стабильность средней мощности излучения на фиксированной частоте ±2% и стабильность энергии генерации в импульсе при изменении частоты следования импульсов генерации ±5% в диапазоне 5-15 кГц. Максимальная выходная мощность лазера на парах меди достигнута для случая плоскопараллельного резонатора - 5 Вт, неустойчивого - 3 Вт. Приведены оценки спектральных характеристик "ЛЖК-12" в зависимости от ширины спектра и расходимости пучка лазера накачки. Описаны конструктивные особенности и генерационные параметры лазерной приставки. При ширине спектра ~0,02 нм, средняя мощность генерации "ЛЖК-12" составляла ~0,2 Вт.
В фонде НТБ ТПУ отсутствует
Idioma:rus
Publicat: 1988
Matèries:
Format: MixedMaterials Capítol de llibre
KOHA link:https://koha.lib.tpu.ru/cgi-bin/koha/opac-detail.pl?biblionumber=599963

MARC

LEADER 00000naa0a2200000 4500
001 599963
005 20250127103158.0
035 |a (RuTPU)RU\TPU\tpu\24125 
035 |a RU\TPU\tpu\24103 
090 |a 599963 
100 |a 20131210d1988 k||y0rusy50 ca 
101 0 |a rus 
102 |a RU 
200 1 |a Лазер на красителях с распределенной обратной связью и накачкой лазером на парах меди со стабилизацией выходных характеристик  |f В. И. Воронов [и др.] 
320 |a Библиогр.: 14 назв. 
330 |a Описан лазер на парах меди со стабилизированными выходными характеристиками "Милан-5", а также лазерная приставка на красителе с распределенной обратной связью "ЛЖК-12", предназначенные для применения в области лазерной спектроскопии, лазерного зондирования параметров аэрозолей атмосферы и т.д. В лазере "Милан-5" получена стабильность средней мощности излучения на фиксированной частоте ±2% и стабильность энергии генерации в импульсе при изменении частоты следования импульсов генерации ±5% в диапазоне 5-15 кГц. Максимальная выходная мощность лазера на парах меди достигнута для случая плоскопараллельного резонатора - 5 Вт, неустойчивого - 3 Вт. Приведены оценки спектральных характеристик "ЛЖК-12" в зависимости от ширины спектра и расходимости пучка лазера накачки. Описаны конструктивные особенности и генерационные параметры лазерной приставки. При ширине спектра ~0,02 нм, средняя мощность генерации "ЛЖК-12" составляла ~0,2 Вт. 
333 |a В фонде НТБ ТПУ отсутствует 
461 |t Оптика атмосферы  |o научно-теоретический журнал  |d 1988-1993 
463 |t Т. 1, № 2  |v С. 86-91  |d 1988 
610 1 |a труды учёных ТПУ 
701 1 |a Воронов  |b В. И. 
701 1 |a Евтушенко  |b Г. С.  |c российский специалист в области электрофизики  |c профессор Томского политехнического университета, доктор технических наук  |f 1947-  |g Геннадий Сергеевич  |3 (RuTPU)RU\TPU\pers\21960  |4 070  |9 9279 
701 1 |a Егоров  |b А. Л. 
701 1 |a Елаев  |b В. Ф. 
701 1 |a Карманов  |b Г. А. 
701 1 |a Мальцев  |b А. Н. 
701 1 |a Мирза  |b С. Ю. 
701 1 |a Солдатов  |b А. Н. 
701 1 |a Суханов  |b В. Б.  |c специалист в области электроники  |c инженер Томского политехнического университета  |f 1945-  |g Виктор Борисович  |3 (RuTPU)RU\TPU\pers\31231  |4 070 
701 1 |a Федоров  |b В. Ф. 
701 1 |a Филонов  |b В. Г. 
701 1 |a Юдин  |b Н. А. 
801 1 |a RU  |b 63413507  |c 20131205 
801 2 |a RU  |b 63413507  |c 20131210  |g RCR 
942 |c CR